Advances in Cryptology - CRYPTO '88. Proceedings /

Na minha lista:
Detalhes bibliográficos
Outros Autores: Goldwasser, Shafi (Compiler)
Formato: Livro
Idioma:inglês
Publicado em: Berlin : Springer Verlag, 1990
Colecção:Lecture Notes in Computer Science 403
Tags: Adicionar Tag
Sem tags, seja o primeiro a adicionar uma tag!

MARC

LEADER 00000nam a22000003a 4500
001 stu42
005 20150617225620.7
008 910213s1990----xxu-----------------eng-d
020 |a 0-387-97196-3 
040 |a STU  |b slo 
041 0 |a eng 
044 |a xxu 
080 |a 681.325.04 
080 |a 519.72 
080 |a 061.3(08) 
100 1 |a Goldwasser, Shafi  |4 com 
245 1 |a Advances in Cryptology - CRYPTO '88. Proceedings /  |c Edit.: Goldwasser,S 
260 |a Berlin :  |b Springer Verlag,  |c 1990 
300 |a 591 s 
830 0 |a Lecture Notes in Computer Science  |v 403 
996 |b E73680  |c E*73680  |l EE22  |s P  |a 0  |w stu42_0001